[Event "POL-chT3 Slaskie"]
[Site "Poland"]
[Date "2008.02.19"]
[Round "3.9"]
[White "Kaminski, Piotr"]
[Black "Jonczyk, Jerzy"]
[Result "1-0"]
[WhiteElo "2081"]
[BlackElo "2174"]
[PlyCount "47"]
[EventDate "2008.02.03"]
[EventType "team-swiss"]
[EventRounds "9"]
[EventCountry "POL"]
[SourceTitle "EXT 2019"]
[Source "ChessBase"]
[SourceDate "2018.10.10"]
[SourceVersion "1"]
[SourceVersionDate "2018.10.10"]
[SourceQuality "1"]

1. d4 d5 2. c4 c6 3. Nf3 Bf5 4. cxd5 Bxb1 5. Rxb1 Qxd5 6. b3 e6 7. Bd2 Nf6 8. e3 Ne4 9. Bc4 Qd8 10. 0-0 Nd7 11. b4 Bd6 12. Qc2 Nxd2 13. Nxd2 0-0 14. f4 Nb6 15. Bd3 g6 16. Rf3 Nd5 17. a3 a5 18. e4 Nc7 19. f5 exf5 20. exf5 Qh4 21. Rh3 Qxd4+ 22. Kh1 Nd5 23. fxg6 hxg6 24. Bxg6 1-0

[Event "POL-chT3 Liga Slaska"]
[Site "Poland"]
[Date "2007.05.13"]
[Round "9"]
[White "Sochacki, Zenon"]
[Black "Jonczyk, Jerzy"]
[Result "1/2-1/2"]
[WhiteElo "2032"]
[BlackElo "2183"]
[PlyCount "45"]
[EventDate "2007.01.28"]
[EventType "team-swiss"]
[EventRounds "9"]
[EventCountry "POL"]
[SourceTitle "EXT 2011"]
[Source "ChessBase"]
[SourceDate "2010.11.26"]
[SourceVersion "1"]
[SourceVersionDate "2010.11.26"]
[SourceQuality "1"]
[WhiteTeam "Raciborz KSz Silesia II"]
[BlackTeam "Lubliniec LKS Sparta"]
[WhiteTeamCountry "POL"]
[BlackTeamCountry "POL"]

1. d4 d5 2. c4 c6 3. Nf3 Nf6 4. Nc3 Bf5 5. Qb3 Bc8 6. e3 e6 7. Bd3 Nbd7 8. 0-0 Bd6 9. cxd5 exd5 10. Qc2 0-0 11. Rb1 Re8 12. b4 a6 13. a4 Qe7 14. b5 axb5 15. axb5 Ne4 16. bxc6 bxc6 17. Na4 Ba6 18. Nb6 Bxd3 19. Qxd3 Nxb6 20. Rxb6 Qc7 21. Ra6 Qb7 22. Rxa8 Rxa8 23. Qc2 1/2-1/2

[Event "POL-chT3 Liga Slaska"]
[Site "Poland"]
[Date "2007.05.12"]
[Round "8"]
[White "Binkiewicz, Dariusz"]
[Black "Jonczyk, Jerzy"]
[Result "0-1"]
[WhiteElo "2078"]
[BlackElo "2183"]
[PlyCount "84"]
[EventDate "2007.01.28"]
[EventType "team-swiss"]
[EventRounds "9"]
[EventCountry "POL"]
[SourceTitle "EXT 2011"]
[Source "ChessBase"]
[SourceDate "2010.11.26"]
[SourceVersion "1"]
[SourceVersionDate "2010.11.26"]
[SourceQuality "1"]
[WhiteTeam "Katowice Zawodzie"]
[BlackTeam "Lubliniec LKS Sparta"]
[WhiteTeamCountry "POL"]
[BlackTeamCountry "POL"]

1. e4 c6 2. d4 d5 3. e5 Bf5 4. c3 Qb6 5. Qb3 e6 6. Be3 Nd7 7. Nd2 c5 8. Bb5 c4 9. Bxd7+ Kxd7 10. Qxb6 axb6 11. a3 Ne7 12. Ne2 f6 13. f4 Nc6 14. 0-0 Be7 15. Nf3 Ra5 16. Rae1 Raa8 17. Rf2 Rag8 18. Ng3 Bd3 19. Bc1 h5 20. h3 Nd8 21. Nf1 Nf7 22. Ne3 Nh6 23. g3 Bd8 24. g4 hxg4 25. hxg4 f5 26. gxf5 Nxf5 27. Nxf5 Bxf5 28. Rh2 Rxh2 29. Kxh2 Rh8+ 30. Kg3 Kc6 31. Rg1 Kb5 32. Be3 g6 33. Bc1 Ka4 34. Ng5 Bxg5 35. fxg5 Kb3 36. Bd2 Kxb2 37. a4 Kc2 38. Be1 Be4 39. Rf1 Rh1 40. Rf2+ Kb3 41. Bd2 Bf5 42. Kg2 Ra1 0-1

[Event "POL-chT3 Liga Slaska"]
[Site "Poland"]
[Date "2007.03.18"]
[Round "6"]
[White "Jonczyk, Jerzy"]
[Black "Drygalski, Wojciech"]
[Result "1/2-1/2"]
[WhiteElo "2183"]
[BlackElo "2189"]
[PlyCount "110"]
[EventDate "2007.01.28"]
[EventType "team-swiss"]
[EventRounds "9"]
[EventCountry "POL"]
[SourceTitle "EXT 2011"]
[Source "ChessBase"]
[SourceDate "2010.11.26"]
[SourceVersion "1"]
[SourceVersionDate "2010.11.26"]
[SourceQuality "1"]
[WhiteTeam "Lubliniec LKS Sparta"]
[BlackTeam "Niedobczyce Rymer"]
[WhiteTeamCountry "POL"]
[BlackTeamCountry "POL"]

1. d4 d5 2. Nf3 Nf6 3. Bg5 Bf5 4. c3 c6 5. e3 Qb6 6. Qb3 Nbd7 7. Nbd2 e6 8. c4 Qxb3 9. axb3 Bb4 10. Bxf6 Nxf6 11. Ke2 0-0 12. h3 Rfd8 13. g4 Be4 14. Bg2 c5 15. g5 Bxd2 16. Kxd2 Ne8 17. Kc3 cxd4+ 18. exd4 Nd6 19. Rhg1 Rac8 20. Nd2 Nb5+ 21. Kb4 Nxd4 22. Nxe4 Nc2+ 23. Kc3 Nxa1 24. Nd2 dxc4 25. bxc4 Rxd2 26. Kxd2 Nb3+ 27. Kc3 Na5 28. b3 Kf8 29. Ra1 b6 30. Kb4 Rc7 31. f4 Ke7 32. Be4 g6 33. Ra2 f5 34. Bf3 Rd7 35. Kc3 Rc7 36. Ra1 Rc8 37. h4 Kd8 38. Rd1+ Kc7 39. h5 Re8 40. hxg6 hxg6 41. Rh1 e5 42. Rh7+ Kd6 43. Rg7 e4 44. Rxg6+ Re6 45. Rxe6+ Kxe6 46. Bd1 Nc6 47. b4 a5 48. bxa5 bxa5 49. Ba4 Nb4 50. Bb3 Kf7 51. c5+ Kg6 52. Kd4 Nc6+ 53. Ke3 Nb4 54. Ba4 Nd5+ 55. Kd4 Nxf4 1/2-1/2

[Event "POL-chT 2nd League"]
[Site "Polanica Zdroj"]
[Date "2004.09.09"]
[Round "7"]
[White "Jonczyk, Jerzy"]
[Black "Ziolkowski, Piotr"]
[Result "1/2-1/2"]
[WhiteElo "2157"]
[BlackElo "2079"]
[PlyCount "25"]
[EventDate "2004.09.04"]
[EventType "team-swiss"]
[EventRounds "11"]
[EventCountry "POL"]
[SourceTitle "CBM 102 Extra"]
[Source "ChessBase"]
[SourceDate "2004.11.03"]
[SourceVersion "1"]
[SourceVersionDate "2004.11.03"]
[SourceQuality "1"]
[WhiteTeam "Czestochowa Hetman"]
[BlackTeam "Ostrow Wielkopolski"]
[WhiteTeamCountry "POL"]
[BlackTeamCountry "POL"]

1. d4 Nf6 2. Bg5 g6 3. Nf3 Bg7 4. e3 d6 5. Nbd2 0-0 6. c3 Nbd7 7. Bd3 Re8 8. 0-0 c6 9. Rc1 e5 10. Qe2 d5 11. dxe5 Nxe5 12. Nxe5 Rxe5 13. Bh4 1/2-1/2

[Event "POL-chT 2nd League"]
[Site "Polanica Zdroj"]
[Date "2004.09.06"]
[Round "3"]
[White "Jonczyk, Jerzy"]
[Black "Jadanowski, Lukasz"]
[Result "1-0"]
[WhiteElo "2157"]
[BlackElo "1941"]
[PlyCount "53"]
[EventDate "2004.09.04"]
[EventType "team-swiss"]
[EventRounds "11"]
[EventCountry "POL"]
[SourceTitle "CBM 102 Extra"]
[Source "ChessBase"]
[SourceDate "2004.11.03"]
[SourceVersion "1"]
[SourceVersionDate "2004.11.03"]
[SourceQuality "1"]
[WhiteTeam "Czestochowa Hetman"]
[BlackTeam "Ostroda Ostrodzianka"]
[WhiteTeamCountry "POL"]
[BlackTeamCountry "POL"]

1. d4 Nf6 2. Nf3 g6 3. Bg5 Bg7 4. Nbd2 0-0 5. e3 d6 6. Bc4 c5 7. c3 Bf5 8. 0-0 Nc6 9. Qe2 cxd4 10. exd4 Qb6 11. Bb3 Na5 12. h3 Nxb3 13. axb3 h6 14. Bxf6 Bxf6 15. Rfe1 Rfe8 16. b4 Bg7 17. Nc4 Qc7 18. Ne3 Be4 19. Nd2 Bc6 20. b5 Bd7 21. Nd5 Qd8 22. b6 axb6 23. Rxa8 Qxa8 24. Nc7 Qa7 25. Nxe8 Bxe8 26. Qxe7 Bb5 27. Qxd6 1-0

[Event "POL-chT 2nd League"]
[Site "Wysowa"]
[Date "2003.09.10"]
[Round "7"]
[White "Jonczyk, Jerzy"]
[Black "Jagodzinski, Waldemar"]
[Result "1/2-1/2"]
[WhiteElo "2143"]
[BlackElo "2249"]
[PlyCount "44"]
[EventDate "2003.09.06"]
[EventType "team-swiss"]
[EventRounds "11"]
[EventCountry "POL"]
[SourceTitle "CBM 096 Extra"]
[Source "ChessBase"]
[SourceDate "2003.10.22"]
[SourceVersion "2"]
[SourceVersionDate "2003.10.20"]
[SourceQuality "1"]
[WhiteTeam "Czestochowa Hetman"]
[BlackTeam "Znin Baszta"]
[WhiteTeamCountry "POL"]
[BlackTeamCountry "POL"]

1. d4 d5 2. Nf3 Bf5 3. c4 e6 4. Nc3 c6 5. Bf4 Nf6 6. e3 Be7 7. Qb3 Qc8 8. Rc1 Nbd7 9. cxd5 exd5 10. Be2 0-0 11. 0-0 Bd8 12. Nb5 Ne8 13. Bd6 a6 14. Bxf8 Nxf8 15. Nc3 Bc7 16. Na4 Rb8 17. Bd3 Bg4 18. Ne5 Bh5 19. Nc5 f6 20. Nf3 Bxf3 21. gxf3 Qh3 22. f4 Qg4+ 1/2-1/2

[Event "POL-chT 2nd League"]
[Site "Wysowa"]
[Date "2003.09.09"]
[Round "5"]
[White "Jonczyk, Jerzy"]
[Black "Misiuga, Andrzej"]
[Result "1/2-1/2"]
[WhiteElo "2143"]
[BlackElo "2262"]
[PlyCount "28"]
[EventDate "2003.09.06"]
[EventType "team-swiss"]
[EventRounds "11"]
[EventCountry "POL"]
[SourceTitle "CBM 096 Extra"]
[Source "ChessBase"]
[SourceDate "2003.10.22"]
[SourceVersion "2"]
[SourceVersionDate "2003.10.20"]
[SourceQuality "1"]
[WhiteTeam "Czestochowa Hetman"]
[BlackTeam "Dankowice Pasjonat"]
[WhiteTeamCountry "POL"]
[BlackTeamCountry "POL"]

1. d4 e6 2. Nf3 Nf6 3. Bg5 d5 4. e3 Be7 5. Nbd2 Nbd7 6. Bd3 c5 7. c3 b6 8. 0-0 Bb7 9. Rc1 Ne4 10. Bf4 a6 11. Bb1 f5 12. Ne5 Nxe5 13. Bxe5 Nxd2 14. Qxd2 0-0 1/2-1/2

[Event "POL-chT 58th 2nd League"]
[Site "Wisla"]
[Date "2002.??.??"]
[Round "?"]
[White "Jonczyk, Jerzy"]
[Black "Szczesniak, Konrad"]
[Result "0-1"]
[WhiteElo "2182"]
[BlackElo "2208"]
[PlyCount "34"]
[EventDate "2002.08.30"]
[EventType "team-swiss"]
[EventRounds "11"]
[EventCountry "POL"]
[SourceTitle "EXT 2019"]
[Source "ChessBase"]
[SourceDate "2018.10.10"]
[SourceVersion "1"]
[SourceVersionDate "2018.10.10"]
[SourceQuality "1"]

1. d4 Nf6 2. Nf3 d6 3. Bg5 g6 4. Nbd2 Bg7 5. e3 0-0 6. Bc4 c6 7. c3 Qc7 8. 0-0 e5 9. dxe5 dxe5 10. a4 Nbd7 11. Qe2 Nc5 12. Rfe1 Bf5 13. e4 Bd7 14. Rad1 Ne6 15. Bxe6 Bxe6 16. c4 h6 17. Be3 c5 0-1

[Event "MK Cafe Cup-A"]
[Site "Koszalin"]
[Date "1997.08.04"]
[Round "3"]
[White "Jonczyk, Jerzy"]
[Black "Novikov, Yury A"]
[Result "0-1"]
[WhiteElo "2230"]
[BlackElo "2370"]
[PlyCount "108"]
[EventDate "1997.08.03"]
[EventType "swiss"]
[EventRounds "10"]
[EventCountry "POL"]
[SourceTitle "CBM 059 Extra"]
[Source "ChessBase"]
[SourceDate "1997.09.26"]
[SourceVersion "1"]
[SourceVersionDate "1997.09.26"]
[SourceQuality "1"]

1. d4 Nf6 2. Nf3 d6 3. Bg5 Nbd7 4. Nbd2 h6 5. Bh4 g5 6. Bg3 Nh5 7. e3 Bg7 8. Bd3 e6 9. Ng1 Nxg3 10. hxg3 Qe7 11. Ne2 Nf6 12. Nc3 Bd7 13. Nde4 Nxe4 14. Bxe4 c6 15. Bd3 0-0-0 16. Qe2 f5 17. 0-0-0 e5 18. dxe5 Qxe5 19. Qd2 d5 20. Rde1 Kb8 21. Nd1 Rhf8 22. Kb1 Be6 23. Qb4 Qc7 24. c4 dxc4 25. Bxc4 Bxc4 26. Qxc4 Rd2 27. Rhf1 Rfd8 28. Nc3 Qb6 29. Qb3 Qa6 30. Rc1 Qd3+ 31. Ka1 a6 32. a3 Ka7 33. Ka2 c5 34. Na4 Qxb3+ 35. Kxb3 b5 36. Nc3 c4+ 37. Ka2 Bxc3 38. Rxc3 Re2 39. Rcc1 Rdd2 40. Rb1 Rxf2 41. Rh1 c3 42. Kb3 Rxb2+ 43. Kxc3 Rxb1 44. Rxb1 Rxg2 45. Rh1 Rxg3 46. Kd4 Rg4+ 47. Kd5 Re4 48. Rxh6 Rxe3 49. a4 bxa4 50. Rf6 f4 51. Kc5 a3 52. Rf7+ Kb8 53. Kc6 Re6+ 54. Kd5 Rb6 0-1